|
|
|
|
| LEADER |
00000nam a2200000 i 4500 |
| 001 |
1/104635 |
| 008 |
950605s1981 gre d |
| 035 |
|
|
|l 10013335
|
| 040 |
|
|
|a GR-MY-UA
|b gre
|e aacr
|
| 041 |
0 |
|
|a gre
|
| 082 |
0 |
|
|a 101
|
| 100 |
1 |
|
|a Αντωνόπουλος, Γιώργος.
|
| 245 |
1 |
0 |
|a Πολιτική ύπαρξη :
|b πολιτική φιλοσοφία ως φιλοσοφία της αρχαίας φιλοσοφίας /
|c Γεωργίου Αντωνοπούλου
|
| 260 |
|
|
|a Αθήνα :
|b Σάκκουλα,
|c 1981
|
| 300 |
|
|
|a 82 σ.
|
| 650 |
0 |
0 |
|a Political science
|x Philosophy.
|
| 650 |
0 |
0 |
|a Philosophy, Ancient.
|
| 852 |
|
|
|a INST
|b LESVOS
|e 19950605
|h 101 ΑΝΤ
|p 005100000249
|q 005100000249
|t BK
|y 0
|z τ.2
|
| 852 |
|
|
|a INST
|b LESVOS
|e 19980217
|h 101 ΑΝΤ
|p 005100000250
|q 005100000250
|t BK
|y 0
|z τ.3
|
| 852 |
|
|
|a INST
|b LESVOS
|e 19950605
|h 101 ΑΝΤ
|p 005100000249
|q 005100000249
|t BK
|v τ.2:
|y 0
|z τ.2
|
| 852 |
|
|
|a INST
|b LESVOS
|e 19980217
|h 101 ΑΝΤ
|p 005100000250
|q 005100000250
|t BK
|v τ.3:
|y 0
|z τ.3
|
| 853 |
|
|
|a INST
|b LESVOS
|h 101 ΑΝΤ
|
| 909 |
|
|
|a Λ
|b 011078
|
| 922 |
|
|
|a 1ΕΛΗ
|b 198807
|c ΠΠ/8114
|